000 00496nam a22001697a 4500
999 _c30933
_d30932
003 OSt
005 20181002082112.0
008 181002b ||||| |||| 00| 0 eng d
040 _aMMU
_beng
_cMMU
_dMMU
050 _aREF KPL 1002 .K469 2004
100 _aKenya gazette.
245 _aKenya gazette supplement :
_bBills, 2004 /
_cKenya gazette.
260 _aNairobi :
_bThe government printer ,
_c2004.
300 _a491 p.;
650 _aKenya gazette supplement bills.
942 _2lcc
_cLOAN LOAN